[Event "Alexandria op 22nd"]
[Site "Alexandria"]
[Date "2017.08.08"]
[Round "8"]
[White "Gabr, Mohsen"]
[Black "Zakaria, Esam"]
[Result "0-1"]
[WhiteElo "2313"]
[BlackElo "2231"]
[PlyCount "80"]
[EventDate "2017.08.02"]
[EventType "swiss"]
[EventRounds "10"]
[EventCountry "EGY"]
[SourceTitle "CBM 180 Extra"]
[Source "ChessBase"]
[SourceDate "2017.10.06"]
[SourceVersion "1"]
[SourceVersionDate "2017.10.06"]
[SourceQuality "1"]

1. d4 d6 2. c4 e5 3. Nf3 e4 4. Nfd2 f5 5. e3 Nf6 6. Nc3 g6 7. Be2 Bg7 8. h4 h5 9. f3 Qe7 10. f4 c6 11. g3 Be6 12. 0-0 Nbd7 13. Rb1 a5 14. b3 Ng4 15. Bxg4 hxg4 16. Ba3 Nf6 17. Rf2 Nh5 18. Nf1 Bf6 19. Rh2 Rd8 20. Qe1 Qg7 21. c5 dxc5 22. Bxc5 b5 23. Rc1 Qb7 24. Rhc2 Kf7 25. Nd1 Ra8 26. Bd6 Rhc8 27. Nc3 Qd7 28. Nxb5 Bd8 29. Ba3 cxb5 30. Bc5 Nf6 31. Qe2 a4 32. b4 Bc4 33. Qh2 Be7 34. Nd2 Bd3 35. Rb2 Nd5 36. Kf2 Rh8 37. Qg1 Rac8 38. a3 Qd8 39. Ke1 Bxh4 40. gxh4 Qxh4+ 0-1

[Event "Alexandria op 22nd"]
[Site "Alexandria"]
[Date "2017.08.05"]
[Round "4"]
[White "Abdein, Saiied"]
[Black "Zakaria, Esam"]
[Result "0-1"]
[WhiteElo "1907"]
[BlackElo "2231"]
[PlyCount "120"]
[EventDate "2017.08.02"]
[EventType "swiss"]
[EventRounds "10"]
[EventCountry "EGY"]
[SourceTitle "CBM 180 Extra"]
[Source "ChessBase"]
[SourceDate "2017.10.06"]
[SourceVersion "1"]
[SourceVersionDate "2017.10.06"]
[SourceQuality "1"]

1. e4 d6 2. d4 Nf6 3. Bd3 Nc6 4. c3 e5 5. Ne2 d5 6. exd5 Qxd5 7. 0-0 Bg4 8. f3 Bh5 9. Re1 0-0-0 10. c4 Qd7 11. d5 Bc5+ 12. Kh1 Nb4 13. Ng3 Bg6 14. Ne4 Nxd3 15. Qxd3 Bxe4 16. fxe4 Ng4 17. Rf1 Nf2+ 18. Rxf2 Bxf2 19. Nc3 f5 20. exf5 Rdf8 21. Be3 Qxf5 22. Ne4 Bxe3 23. Qxe3 Qf1+ 24. Qg1 Qxg1+ 25. Kxg1 Rf4 26. Re1 b6 27. c5 bxc5 28. Nxc5 Rc4 29. Ne6 e4 30. b3 Rc2 31. Rxe4 Kd7 32. Rd4 Ra8 33. Rf4 Ke7 34. Nxg7 Rf8 35. Nf5+ Kd7 36. g4 Re8 37. Ng3 Re1+ 38. Nf1 Rxa2 39. Rf7+ Re7 40. Rf3 Ree2 41. Rf7+ Kd6 42. Rxh7 Rg2+ 43. Kh1 Rxg4 44. Rh6+ Ke5 45. Rh5+ Kf6 46. Rh6+ Kg7 47. Rc6 Ra1 48. Rxc7+ Kg6 49. Rc6+ Kf5 50. h3 Rxf1+ 51. Kh2 Rf2+ 52. Kh1 Rd4 53. Kg1 Rb2 54. Rc1 Rxd5 55. h4 Kg4 56. b4 Kxh4 57. Ra1 Rdd2 58. b5 Rg2+ 59. Kf1 Rbf2+ 60. Ke1 Ra2 0-1

[Event "EGY-chT"]
[Site "Egypt"]
[Date "2016.05.10"]
[Round "6.1"]
[White "Zakaria, Esam"]
[Black "Elsayed, Moustafa"]
[Result "0-1"]
[WhiteElo "2232"]
[BlackElo "2196"]
[PlyCount "68"]
[EventDate "2016.05.05"]
[EventType "team-tourn"]
[EventRounds "9"]
[EventCountry "EGY"]
[SourceTitle "CBM 172 Extra"]
[Source "ChessBase"]
[SourceDate "2016.06.21"]
[SourceVersion "1"]
[SourceVersionDate "2016.06.21"]
[SourceQuality "1"]
[WhiteTeam "Gezeret Elward"]
[BlackTeam "Elsharkia Zagazig"]
[WhiteTeamCountry "EGY"]
[BlackTeamCountry "EGY"]

1. Nf3 Nf6 2. c4 e6 3. g3 d5 4. Bg2 Be7 5. b3 0-0 6. Bb2 c6 7. 0-0 Nbd7 8. d3 Re8 9. Nc3 e5 10. cxd5 cxd5 11. Rc1 a6 12. d4 e4 13. Ne5 Bd6 14. f4 exf3 15. Nxd7 Bxd7 16. Bxf3 Bc6 17. Qd3 Qe7 18. Rc2 Rad8 19. Bc1 Ne4 20. Bg2 Bb4 21. Nd1 Bb5 22. Qf3 Rc8 23. Rxc8 Rxc8 24. Ne3 Nc3 25. Nf5 Qf8 26. Nh6+ gxh6 27. Qg4+ Kh8 28. Bxh6 Nxe2+ 29. Kh1 Nxg3+ 30. Kg1 f5 31. Rxf5 Qxh6 32. Qxg3 Bd6 33. Qh3 Rc1+ 34. Rf1 Qxh3 0-1